| 000 | 01037nam a22002415a 4500 | ||
|---|---|---|---|
| 005 | 20160323114529.0 | ||
| 008 | 160323t2009 ii a fr 001 0 eng d | ||
| 020 | _a9788190746236 | ||
| 040 |
_aEG-ScBUE _beng _cEG-ScBUE |
||
| 082 | 0 | 4 |
_a668.9 _bASH _222 |
| 100 | 1 |
_aAshraf, S. M. _939641 |
|
| 245 | 1 | 2 |
_aA laboratory manual of polymers / _cS. M. Ashraf, Sharif Ahmed, Ufana Riaz. |
| 260 |
_aNew Delhi : _bI. K. International Publishing House, _cc.2009. |
||
| 300 |
_axii, 122 p. : _bill. ; _c24 cm. |
||
| 500 | _aIndex : p. [121]-122. | ||
| 520 | _aOffers easy-to-do laboratory activities that help students in understanding the basic principles of polymer synthesis, structure and functions. This book intends to enable the students prepare a variety of common polymers to investigate their properties as well as to discover their uses and applications. | ||
| 650 | 7 |
_apolymers. _2BUEsh _95875 |
|
| 651 | _2BUEsh | ||
| 653 |
_bPPhrm _cMarch2016 |
||
| 700 | 1 |
_aAhmed, Sharif. _939642 |
|
| 700 | 1 |
_aRiaz, Ufana. _939643 |
|
| 942 | _2ddc | ||
| 999 |
_c21485 _d21457 |
||